000 00510nam a2200145 a 4500
008 120416s1978 xx |||||||||||||| || u
050 _aHB 171 Geo
100 _aGeorge, Kenneth D
245 1 4 _aThe allocation of resources
246 _atheory and policy
260 _a
_bAllen and Unwin
_c1978
300 _a274p. : ill.
350 _a0.00
995 _D0.00
_FCBU-MAIN LIBRARY (Kitwe)
_H1
_I0.00
_M1
_UAVAILABLE
_WMay 2, 2007
_ZAnnex Low-Usage Collection
999 _c34096
_d34096